चॉंद चयन (Record no. 300426)

MARC details
000 -LEADER
fixed length control field 01048nam a2200277Ia 4500
003 - CONTROL NUMBER IDENTIFIER
control field OSt
005 - DATE AND TIME OF LATEST TRANSACTION
control field 20220923211526.0
008 - FIXED-LENGTH DATA ELEMENTS--GENERAL INFORMATION
fixed length control field 220922b |||||||| |||| 00| 0 hin d
020 ## - INTERNATIONAL STANDARD BOOK NUMBER
International Standard Book Number 9789381441511 (hbk (3 Vols. Set))
037 ## - SOURCE OF ACQUISITION
Terms of availability Textual
040 ## - CATALOGING SOURCE
Original cataloging agency ARTS
Transcribing agency ARTS
Language of cataloging hin
041 ## - LANGUAGE CODE
Source of code hin
Language code of text/sound track or separate title hin
100 ## - MAIN ENTRY--PERSONAL NAME
Personal name प्रियंवद, संपा.
245 #0 - TITLE STATEMENT
Title चॉंद चयन
246 ## - VARYING FORM OF TITLE
Title proper/short title Chaॉanda chayana
260 ## - PUBLICATION, DISTRIBUTION, ETC.
Place of publication, distribution, etc. बीकानेर
Name of publisher, distributor, etc. वाग्देवी प्रकाशन
Date of publication, distribution, etc. 2018
490 ## - SERIES STATEMENT
Volume/sequential designation खंड 1
Series statement हिंदी नवजागरण काल: 1929 ई0 से 1933ई0
650 ## - SUBJECT ADDED ENTRY--TOPICAL TERM
Topical term or geographic name entry element हिन्दी साहित्य
9 (RLIN) 156264
650 ## - SUBJECT ADDED ENTRY--TOPICAL TERM
Topical term or geographic name entry element हिन्दी निबंध
942 ## - ADDED ENTRY ELEMENTS (KOHA)
Classification part O152,6:g, Q8.1-.3
Koha item type Textual
Source of classification or shelving scheme Colon Classification (CC)
Holdings
Withdrawn status Lost status Damaged status Not for loan Home library Current library Date acquired Source of acquisition Cost, normal purchase price Serial Enumeration / chronology Total Checkouts Full call number Barcode Date last seen Date last checked out Cost, replacement price Price effective from Koha item type
        Arts Library Arts Library 2022-09-23 GV718, 09/03/2020, Vani Prakashan 1950.00 खंड 1 1 O152,6:g Q8.1-.3 AL1665524 2025-05-14 2025-01-01 1950.00 2022-09-23 Textual
Copyright @ Delhi University Library System